000 00493nam a2200181Ia 4500
008 090124s9999 xx 000 0 und d
082 _b9145
_a2189
100 _aशेळके शांता ज.
245 _a प्रेमिक
250 _a1
260 _c1956
300 _a126
600 _aशेळके शांता ज.
630 _a प्रेमिक
700 _aशेळके शांता ज.
730 _a प्रेमिक
942 _cBOOK
999 _c123192
_d123192